Rímsky misál obnovený podľa smerníc stanovených druhým vatikánskym koncilom a vyhlásený autoritou pápeža Pavla VI. Lekcionár 2, Feriálny lekcionár
Uložené v:
| Médium: | Kniha |
|---|---|
| Jazyk: | Slovak |
| Vydané: |
Trnava :
Spolok sv. Vojtecha,
1990.
|
| Vydanie: | 2. vyd. |
| ISBN: |
808519855X (viaz.) |
| Fyzický popis: |
647 s. : noty. |
| Tagy: |
Pridať tag
Žiadne tagy, Buďte prvý kto otaguje tento záznam!
|
Titul je dostupný aj v ... 

MARC
| LEADER | 00000nam a22000001 4500 | ||
|---|---|---|---|
| 001 | 000248708 | ||
| 005 | 20100715185201.0 | ||
| 008 | 021021s1990 xo e slo d | ||
| 020 | |a 808519855X (viaz.) | ||
| 040 | |a SVKKK |b slo |c SVKKK |e AACR2 | ||
| 041 | 0 | |a slo | |
| 044 | |a xo |c SK | ||
| 245 | 0 | 0 | |a Rímsky misál obnovený podľa smerníc stanovených druhým vatikánskym koncilom a vyhlásený autoritou pápeža Pavla VI. |n Lekcionár 2, |p Feriálny lekcionár |
| 246 | 3 | 0 | |a Feriálny lekcionár |
| 250 | |a 2. vyd. | ||
| 260 | |a Trnava : |b Spolok sv. Vojtecha, |c 1990. | ||
| 300 | |a 647 s. : |b noty. | ||
| 910 | |a svkkk | ||
| 919 | |a 80-85198-55-X | ||
| 998 | |a BK | ||
| 090 | |g SCKHL |k Sklad Pribinova prízemie |a IV.162555 |j 851914 |i 2720284312 |s Absenčne | ||